Vom Leipziger Land bis zum Erzgebirge - Das Archiv des Landkreises Mittelsachsen [Mittweida]

Titel: Vom Leipziger Land bis zum Erzgebirge - Das Archiv des Landkreises Mittelsachsen [Mittweida]
Verfasser:
In: Sächsisches Archivblatt, Heft 1 (2017), Seite 25-26
alle Artikel anzeigen
Veröffentlicht: 2017
Format: Aufsatz
Kein Bild verfügbar
X
alg: 44207931
001A    $03036:30-01-19 
001B    $01999:30-01-19 $t23:09:42.000 
001D    $03036:30-01-19 
001U    $0utf8 
001X    $00 
002@    $0Aox    
003@    $0442079311 
007A    $0442079311 $aHEB 
007T    $0ArchMa26698 
011@    $a2017 
021A    $aVom Leipziger Land bis zum Erzgebirge - Das Archiv des Landkreises Mittelsachsen [Mittweida] 
028A    $aHaase $dFrank 
031A    $e1 $h25-26 $j2017 
039B    $aIn $8--Abvc--. Sächsisches Archivblatt. - Dresden : Sächsisches Staatsarchiv, 1992-2021 $x201700000000001975 $9048627194 
045T    $a8,1 

lok: 44207931 105

exp: 44207931 105 1 #EPN
201B/01 $030-01-19 $t16:28:14.000 
201C/01 $030-01-19 
201U/01 $0utf8 
203@/01 $01042471622 
208@/01 $a13-12-18 $be 
209A/01 $a/ $f106 $x00 
245Z/01 $a3.15.02. $bArchivwesen des Bundes- und der deutschen Bundesländer / Sachsen / Archive und Archivbestände $x01 
247C/01 $8->Marburg, Bibliographie zum Archivwesen der Archivschule Marburg $939588196X
LEADER 00000caa a22000002c 4500
001 442079311
003 DE-603
005 20190130230942.0
007 tu
008 190130s2017 xx |||| | u00||u|und c
035 |a (DE-599)HEB442079311 
040 |a DE-603  |b ger  |c DE-603  |d DE-603 
084 |a 8,1  |2 ssgn 
100 1 |a Haase, Frank 
245 0 0 |a Vom Leipziger Land bis zum Erzgebirge - Das Archiv des Landkreises Mittelsachsen [Mittweida] 
264 0 |c 2017 
773 0 8 |i In  |t Sächsisches Archivblatt  |d Dresden : Sächsisches Staatsarchiv, 1992-2021  |h 30 cm  |g Heft 1 (2017), Seite 25-26  |w (DE-603)048627194  |w (DE-600)1151016-X 
924 0 |9 -  |a (DE-603)1042471622  |b DE-  |c HES  |d d  |g /